Junie B., first grader : (Record no. 2292)

MARC details
000 -LEADER
fixed length control field 01341cam a2200397 a 4500
001 - CONTROL NUMBER
control field 2292
003 - CONTROL NUMBER IDENTIFIER
control field FISKH
005 - DATE AND TIME OF LATEST TRANSACTION
control field 20250404102308.0
008 - FIXED-LENGTH DATA ELEMENTS--GENERAL INFORMATION
fixed length control field 030908s2004 nyua b 000 1 eng
010 ## - LIBRARY OF CONGRESS CONTROL NUMBER
LC control number 2003018361
020 ## - INTERNATIONAL STANDARD BOOK NUMBER
International Standard Book Number 0375928049 (lib. bdg.)
020 ## - INTERNATIONAL STANDARD BOOK NUMBER
International Standard Book Number 9780439793896
020 ## - INTERNATIONAL STANDARD BOOK NUMBER
International Standard Book Number 0375828052 (pbk.)
040 ## - CATALOGING SOURCE
Original cataloging agency DLC
Transcribing agency DLC
Modifying agency DLC
Language of cataloging eng
050 00 - LIBRARY OF CONGRESS CALL NUMBER
Classification number PZ7.P2197
Item number Jsk 2004
082 00 - DEWEY DECIMAL CLASSIFICATION NUMBER
Classification number 808.8027
Edition number 22
100 1# - MAIN ENTRY--PERSONAL NAME
Personal name Park, Barbara.
245 10 - TITLE STATEMENT
Title Junie B., first grader :
Remainder of title shipwrecked /
Statement of responsibility, etc. Barbara Park ; illustrated by Denise Brunkus.
246 30 - VARYING FORM OF TITLE
Title proper/short title Shipwrecked
250 ## - EDITION STATEMENT
Edition statement First Scholastic printing, September 2005
260 ## - PUBLICATION, DISTRIBUTION, ETC.
Place of publication, distribution, etc. New York :
Name of publisher, distributor, etc. Scholastic,
Date of publication, distribution, etc. 2004
300 ## - PHYSICAL DESCRIPTION
Extent 88 pages :
Other physical details illustrations ;
Dimensions 20 cm
490 1# - SERIES STATEMENT
Series statement The Junie B. Jones series ;
Volume/sequential designation Book 23
505 ## - FORMATTED CONTENTS NOTE
Formatted contents note N<br/>
520 ## - SUMMARY, ETC.
Summary, etc. Junie B.'s journal entries start with Room One's stomach virus excitement, the first-grade Columbus Day play, and getting the part of the Pinta, the fastest ship.
521 8# - TARGET AUDIENCE NOTE
Target audience note 560<br/>
Source Lexile<br/>
521 8# - TARGET AUDIENCE NOTE
Target audience note N<br/>
Source Raz-Plus<br/>
650 #1 - SUBJECT ADDED ENTRY--TOPICAL TERM
Topical term or geographic name entry element Sick
Form subdivision Fiction.
650 #1 - SUBJECT ADDED ENTRY--TOPICAL TERM
Topical term or geographic name entry element Theater
Form subdivision Fiction.
650 #1 - SUBJECT ADDED ENTRY--TOPICAL TERM
Topical term or geographic name entry element Schools
Form subdivision Fiction.
650 #1 - SUBJECT ADDED ENTRY--TOPICAL TERM
Topical term or geographic name entry element Columbus Day
Form subdivision Fiction.
650 #1 - SUBJECT ADDED ENTRY--TOPICAL TERM
Topical term or geographic name entry element Diaries
Form subdivision Fiction.
700 1# - ADDED ENTRY--PERSONAL NAME
Personal name Brunkus, Denise,
Relator term illustrator
906 ## - LOCAL DATA ELEMENT F, LDF (RLIN)
a 7
b cbc
c orignew
d 1
e ecip
f 20
g y-gencatlg
942 ## - ADDED ENTRY ELEMENTS (KOHA)
Source of classification or shelving scheme Dewey Decimal Classification
Koha item type Books
Suppress in OPAC No
Holdings
Withdrawn status Lost status Source of classification or shelving scheme Damaged status Not for loan Collection Home library Current library Shelving location Date acquired Total Checkouts Full call number Barcode Date last seen Price effective from Koha item type Copy number
    Dewey Decimal Classification     Juvenile Fiction Footprints International School Library Network Toul Kork Campus Footprints International School Library Network Toul Kork Campus TK Primary Library Room(4th Floor), Bookcase 3&4, Shelves 17-32, Yellow Books 11/15/2023   PAR 808.8027 PZ7.P2197 FISTK00302 11/15/2023 11/15/2023 Books  
    Dewey Decimal Classification     Juvenile Fiction Footprints International School Library Network Toul Tom Poung Campus Footprints International School Library Network Toul Tom Poung Campus TTP Primary Yellow Bookshelves 04/04/2025   PAR 808.8027 PZ7.P2197 2025-0970 04/04/2025 04/04/2025 Books 2